000
00332nam a22001457a 4500
020
_a
9788121924412
041
_a
ENG
100
_a
Theraja.B.L
245
_a
A Textbook of Electrical Technology
260
_a
New Delhi
_b
S Chand & Campany Pvt.
_c
2016
300
_a
2750
650
_a
EOES
700
_a
Tharaja.A.K
856
_u
EOES
999
_c
92
_d
92